Toward Measurement of Civic Service

Saved in:  
Bibliographic Details
Authors: Tang, Fengyan (Author) ; Sherraden, Michael Wayne 1948- (Author) ; McBride, Amanda Moore (Author)
Format: Electronic Book
Language:English
Published: [Erscheinungsort nicht ermittelbar] Global Service Institute, Center for Social Development, Washington University in St. Louis 2003
In:Year: 2003
Online Access: Volltext (lizenzpflichtig)
Check availability: HBZ Gateway
Subito Delivery Service: Order now.

MARC

LEADER 00000cam a22000002c 4500
001 1912726408
003 DE-627
005 20250125055412.0
007 cr uuu---uuuuu
008 241217s2003 xx |||||o 00| ||eng c
035 |a (DE-627)1912726408 
035 |a (DE-599)KXP1912726408 
040 |a DE-627  |b ger  |c DE-627  |e rda 
041 |a eng 
084 |a 2,1  |2 ssgn 
100 1 |a Tang, Fengyan  |e VerfasserIn  |4 aut 
245 1 0 |a Toward Measurement of Civic Service 
264 1 |a [Erscheinungsort nicht ermittelbar]  |b Global Service Institute, Center for Social Development, Washington University in St. Louis  |c 2003 
336 |a Text  |b txt  |2 rdacontent 
337 |a Computermedien  |b c  |2 rdamedia 
338 |a Online-Ressource  |b cr  |2 rdacarrier 
700 1 |a Sherraden, Michael Wayne  |d 1948-  |e VerfasserIn  |0 (DE-588)170944093  |0 (DE-627)061094684  |0 (DE-576)167627546  |4 aut 
700 1 |a McBride, Amanda Moore  |e VerfasserIn  |0 (DE-588)131890840  |0 (DE-627)514866225  |0 (DE-576)298819287  |4 aut 
787 0 8 |i Forschungsdaten  |a United States Department of Education. Institute of Education Sciences. National Center for Education Statistics  |t National Household Education Survey, 1996  |d [Erscheinungsort nicht ermittelbar] : [Verlag nicht ermittelbar], 1998  |w (DE-627)1902790340 
787 0 8 |i Forschungsdaten  |a Independent Sector  |t Giving and Volunteering (United States)  |d [Erscheinungsort nicht ermittelbar] : [Verlag nicht ermittelbar], 2016  |w (DE-627)1902793382 
787 0 8 |i Forschungsdaten  |a United States. Bureau of the Census  |t Current Population Survey, May 1989: Multiple Job Holding, Flexitime, and Volunteer Work  |d [Erscheinungsort nicht ermittelbar] : [Verlag nicht ermittelbar], 1991  |w (DE-627)1902800508 
787 0 8 |i Forschungsdaten  |a Johnston, Lloyd D.  |t Monitoring the Future: A Continuing Study of American Youth (12th-Grade Survey), 2000  |d [Erscheinungsort nicht ermittelbar] : [Verlag nicht ermittelbar], 2000  |w (DE-627)1840058951 
787 0 8 |i Forschungsdaten  |a United States. Bureau of the Census; United States. Bureau of Labor Statistics  |t Current Population Survey, September 2002: Volunteer Supplement 
787 0 8 |i Forschungsdaten  |a House, James S.  |t Americans' Changing Lives: Waves I, II, III, IV, and V, 1986, 1989, 1994, 2002, and 2011 
856 4 0 |u https://openscholarship.wustl.edu/cgi/viewcontent.cgi?article=1536&context=csd_research  |q application/pdf  |x Verlag  |z lizenzpflichtig  |3 Volltext  |7 1 
935 |a mkri 
951 |a BO 
ELC |a 1 
LOK |0 000 xxxxxcx a22 zn 4500 
LOK |0 001 4637691966 
LOK |0 003 DE-627 
LOK |0 004 1912726408 
LOK |0 005 20241217045052 
LOK |0 008 241217||||||||||||||||ger||||||| 
LOK |0 035   |a (DE-2619)ICPSR145852 
LOK |0 040   |a DE-2619  |c DE-627  |d DE-2619 
LOK |0 092   |o n 
LOK |0 852   |a DE-2619 
LOK |0 852 1  |9 00 
LOK |0 935   |a nacp 
LOK |0 939   |a 17-12-24  |b l01 
ORI |a SA-MARC-krimdoka001.raw